Country Quiz: Kazakhstan 🇰🇿 - Statistics

General Stats
  • This quiz has been taken 36 times
  • The average score is 22 of 36
Answer Stats
Hint Answer % Correct
Language Kazakh
100%
Russia
100%
From 1925-1990s, Kazakhstan was a state of this union Soviet Union
100%
Bordering Seas Caspian sea
96%
Main Religion Islam
96%
Second Language Russian
96%
Independence 1991
93%
Capital and Second-Biggest City Astana
93%
Kyrgyzstan
93%
Uzbekistan
93%
Biggest City Almaty
89%
Bordering Countries China
89%
Turkmenistan
89%
Main Export Oil
85%
Time zones 2
81%
In 1949, the USSR's first ________ test was carried out in Eastern Kazakhstan Nuclear
81%
1/44 Countries to lack access to any ocean, otherwise known as... Landlocked
78%
Measurement System Metric
74%
State-Condition Republic
63%
Nationality Kazakhstani
56%
In 1961, the first man ever to launch into space, had his rocket launched from the ________ space launch site, in Central Kazakhstan Baikonur
48%
National Animal Steppe Eagle
48%
Currency Tenge
48%
Current Leader (2019-) Kassym-Jomart Tokayev
44%
Member of this Non-Western Fossile Fuel Organisation OPEC+
44%
Founding Father and Most Famous Leader (1991-2019) Nursultan Nazarbayev
41%
Type of Government Presidential
41%
National Dish Beshbarmak
37%
Unitary
26%
Main Economic Sector Tertiary / Servie
22%
Climate Continental
15%
Main Lake Ozero Balkhash
15%
Independent
7%
Famous Kazakh-born Hollywood Director (Wanted, Ben Hur etc) Timur Bekmambetov
4%
"Kazakh" means these two things... Wanderer
4%
National Sport Horse Racing
0%
No matching quizzes found
Score Distribution
Percent of People with Each Score
Percentile by Number Answered
Your Score History
You have not taken this quiz